| Tag |
First Indicator |
Second Indicator |
Subfields |
| LEADER |
00000cam a22000008i 4500 |
| 001 |
in00003738902 |
| 005 |
20160609104247.0 |
| 008 |
160229t20162016nyu 000 1 eng |
| 010 |
|
|
|a 2016005078
|
| 035 |
|
|
|a (OCoLC)ocn942609194
|
| 040 |
|
|
|a DLC
|b eng
|e rda
|c DLC
|d OCLCO
|d OQX
|d HBP
|d OCLCO
|d OCLCQ
|d IK2
|d ZGV
|d OCLCO
|d OJ4
|d YDXCP
|d ZHB
|d JQM
|d CDX
|d IHX
|
| 020 |
|
|
|a 9781101967041
|q (hardcover)
|
| 020 |
|
|
|a 1101967048
|q (hardcover)
|
| 020 |
|
|
|z 9781101967065
|q (ebook)
|
| 020 |
|
|
|z 1101967064
|q (ebook)
|
| 042 |
|
|
|a pcc
|
| 043 |
|
|
|a n-us-ma
|
| 050 |
0 |
0 |
|a PS3570.H3475
|b I86 2016
|
| 082 |
0 |
0 |
|a 813/.54
|2 23
|
| 084 |
|
|
|a FIC044000
|a FIC008000
|a FIC027020
|2 bisacsh
|
| 049 |
|
|
|a TXAM
|
| 100 |
1 |
|
|a Thayer, Nancy,
|d 1943-
|e author.
|
| 245 |
1 |
4 |
|a The island house :
|b a novel /
|c Nancy Thayer.
|
| 250 |
|
|
|a First edition.
|
| 264 |
|
1 |
|a New York :
|b Ballantine Books,
|c [2016]
|
| 264 |
|
4 |
|c ©2016
|
| 300 |
|
|
|a x, 281 pages ;
|c 25 cm
|
| 336 |
|
|
|a text
|b txt
|2 rdacontent
|
| 337 |
|
|
|a unmediated
|b n
|2 rdamedia
|
| 338 |
|
|
|a volume
|b nc
|2 rdacarrier
|
| 520 |
|
|
|a "Every summer since college, twenty-nine-year-old Courtney has traded the familiarity of the Midwest for the allure of Nantucket. Now an established university professor, she finds herself caught between two lifestyles and two very different men. Because this summer has taken an unexpected turn and now she must decide what she really wants."--
|c Provided by publisher.
|
| 650 |
|
0 |
|a Single women
|v Fiction.
|
| 650 |
|
0 |
|a Man-woman relationships
|v Fiction.
|
| 651 |
|
0 |
|a Nantucket Island (Mass.)
|v Fiction.
|
| 650 |
|
7 |
|a FICTION
|x Contemporary Women.
|2 bisacsh
|
| 650 |
|
7 |
|a FICTION
|x Sagas.
|2 bisacsh
|
| 650 |
|
7 |
|a FICTION
|x Romance
|x Contemporary.
|2 bisacsh
|
| 655 |
|
7 |
|a Romance fiction.
|2 lcgft
|
| 948 |
|
|
|a cataloged
|b h
|c 2016/6/9
|d c
|e ceaton
|f 10:42:38 am
|
| 994 |
|
|
|a C0
|b TXA
|
| 999 |
f |
f |
|s 7da4f108-bdc5-3f17-b747-8eb1d9d82433
|i 5f4b9f03-012e-34e2-a4a7-f6ba78e9910e
|t 0
|
| 952 |
f |
f |
|p normal
|a Texas A&M University
|b College Station
|c Sterling C. Evans Library
|d Evans: Library Stacks
|t 0
|e PS3570.H3475 I86 2016
|h Library of Congress classification
|i unmediated -- volume
|m A14843565400
|
| 998 |
f |
f |
|a PS3570.H3475 I86 2016
|t 0
|l Evans: Library Stacks
|